| 000 | 00607 a2200169 4500 | ||
|---|---|---|---|
| 001 | 140304 | ||
| 040 | _cLeonardo Da Vinci | ||
| 041 | _aPortuguês | ||
| 082 |
_a338.4 B196p _bB196p |
||
| 100 | _aBARBOSA, Cal | ||
| 245 | _aO processo e as consequências da industrialização | ||
| 260 |
_bV e B _c1998 _aSão Paulo |
||
| 300 | _a71 | ||
| 362 | _a19980000 | ||
| 697 |
_aEconomia _aIndústria _aIndustrialização _aGeografia _aProjeto pedagógico _aUrbanização _aTransporte _aMeio ambiente _aDesemprego _aSubemprego _aTrabalho infantil _aFavela _aPopulação de rua _aViolência _aDepoimentos _aFotos |
||
| 942 | _cBK | ||
| 999 |
_c140304 _d140304 |
||